000 00526nam a2200193Ia 4500
005 20250326144801.0
008 250326s9999 xx 000 0 und d
020 _a0-375-76247-7
037 _aTextbook
040 _aFMSL
_beng
_cFMSL
041 _aeng
_2eng
084 _aT;5oa(X) P2
_qFMSL
100 _aLurie K
_9742694
245 0 _aCracking the GRE
_cLurie K; Pecsenye M And Others
260 _aNY
_bNY, Random house
_c2002
300 _a320p
942 _cTB
_hT;5oa(X) P2
999 _c1305043
_d1305043